La magia de los hilos (Record no. 4781)

MARC details
000 -CABECERA
campo de control de longitud fija 01139nam a2200301 a 4500
001 - NÚMERO DE CONTROL
campo de control BRCA_5087
005 - FECHA Y HORA DE LA ÚLTIMA TRANSACCIÓN
campo de control 20190320204932.0
008 - DATOS DE LONGITUD FIJA--INFORMACIÓN GENERAL
campo de control de longitud fija 990311s2008####mx-ab####b---#000-0#spa-#
020 ## - NÚMERO INTERNACIONAL ESTÁNDAR DEL LIBRO
Número Internacional Estándar del Libro 9789706262790
041 ## - CÓDIGO DE LENGUA
Código de lengua del texto/banda sonora o título independiente spa
044 ## - CÓDIGO DEL PAÍS DE LA ENTIDAD EDITORA/PRODUCTORA
Código MARC del país mx
050 #4 - SIGNATURA TOPOGRÁFICA DE LA BIBLIOTECA DEL CONGRESO
Número de clasificación F1219.3.C75
Número de documento/Ítem .B43 2008
100 1# - ENTRADA PRINCIPAL--NOMBRE DE PERSONA
Nombre de persona Beauregard García, Lourdes
9 (RLIN) 12966
245 10 - MENCIÓN DE TÍTULO
Título La magia de los hilos
Resto del título arte y tradición en el textil de Veracruz
Mención de responsabilidad, etc. Lourdes Beauregard García, Lourdes Aquino Rodríguez y Yosi Anaya ; fotografía Adrián Mendieta.
250 ## - MENCIÓN DE EDICIÓN
Mención de edición 2
260 ## - PUBLICACIÓN, DISTRIBUCIÓN, ETC.
Lugar de publicación, distribución, etc. México
Nombre del editor, distribuidor, etc. Editora de Gobierno
Fecha de publicación, distribución, etc. 2008
300 ## - DESCRIPCIÓN FÍSICA
Extensión 154 p.
Otras características físicas il. a color, mapas
Dimensiones 30 cm.
500 ## - NOTA GENERAL
Nota general Incluye glosario e índice de fotografías
500 ## - NOTA GENERAL
Nota general Ver también número de sistema 1334 del Fondo Ruth Lechuga
504 ## - NOTA DE BIBLIOGRAFÍA, ETC.
Nota de bibliografía, etc. Bibliografía : p. 143-147
650 14 - PUNTO DE ACCESO ADICIONAL DE MATERIA--TÉRMINO DE MATERIA
Término de materia o nombre geográfico como elemento de entrada Indumentaria indígena
Subdivisión geográfica Veracruz (Estado)
9 (RLIN) 12967
650 14 - PUNTO DE ACCESO ADICIONAL DE MATERIA--TÉRMINO DE MATERIA
Término de materia o nombre geográfico como elemento de entrada Industria textil indígena
Subdivisión geográfica Veracruz (Estado)
9 (RLIN) 12968
650 14 - PUNTO DE ACCESO ADICIONAL DE MATERIA--TÉRMINO DE MATERIA
Término de materia o nombre geográfico como elemento de entrada Prendas de vestir
Subdivisión geográfica Veracruz (Estado)
9 (RLIN) 12969
700 1# - PUNTO DE ACCESO ADICIONAL--NOMBRE DE PERSONA
Nombre de persona Aquino Rodríguez, Lourdes
9 (RLIN) 12970
700 1# - PUNTO DE ACCESO ADICIONAL--NOMBRE DE PERSONA
Nombre de persona Anaya, Yosi
9 (RLIN) 12971
700 1# - PUNTO DE ACCESO ADICIONAL--NOMBRE DE PERSONA
Nombre de persona Mendieta, Adrián
9 (RLIN) 12972
942 ## - ELEMENTOS DE PUNTO DE ACCESO ADICIONAL (KOHA)
Fuente del sistema de clasificación o colocación Library of Congress Classification
Tipo de ítem Koha Libros
Holdings
Estado de retiro Estado de pérdida Estado dañado No para préstamo Localización permanente Ubicación/localización actual Fecha de adquisición Total de préstamos Signatura topográfica completa Código de barras Fecha visto por última vez Precio válido a partir de Tipo de ítem Koha
El ejemplar forma parte de la colección y puede ser consultado según las políticas vigentes.       Biblioteca del Museo Franz Mayer (Rogerio Casas-Alatriste) Biblioteca del Museo Franz Mayer (Rogerio Casas-Alatriste) 11/11/2010   F1219.3.C75 .B43 2008 00669 22/03/2019 22/03/2019 Libros